Multicultural autobiography : American lives /

Bibliographic Details
Other Authors: Payne, James Robert
Format: Book
Language:English
Published: Knoxville : University of Tennessee Press, 1992.
Subjects:

MARC

Tag First Indicator Second Indicator Subfields
LEADER 00000cam a22000008a 4500
001 in00001079821
005 20150929162134.0
008 910711s1992 tnu b s001 0 eng
010 |a  91027130  
020 |a 0870497391 (cloth : alk. paper) :  |c $39.95 
020 |a 0870497405 (pbk. : alk. paper) :  |c $18.95 
035 |a (OCoLC)24173794 
035 |9 AFQ9518AM 
040 |a DLC  |c DLC  |d TXA  |d UtOrBLW 
043 |a n-us--- 
049 |a TXAM 
050 0 0 |a PS366.A88  |b M85 1992 
082 0 0 |a 818/.08  |2 20 
245 0 0 |a Multicultural autobiography :  |b American lives /  |c edited by James Robert Payne. 
263 |a 9206 
264 1 |a Knoxville :  |b University of Tennessee Press,  |c 1992. 
300 |a 338 pages  
336 |a text  |b txt  |2 rdacontent 
337 |a unmediated  |b n  |2 rdamedia 
338 |a volume  |b nc  |2 rdacarrier 
504 |a Includes bibliographical references and index. 
650 0 |a Autobiography. 
650 0 |a American prose literature  |x Minority authors  |x History and criticism. 
650 0 |a Minorities  |z United States  |x Biography  |x History and criticism. 
650 0 |a Authors, American  |x Biography  |x History and criticism. 
700 1 |a Payne, James Robert. 
999 |a MARS 
999 f f |s ac6fa4f3-dee9-31b7-bf9b-d714679354b0  |i a722941b-c507-37f4-a9d0-fa691de8c82b  |t 0 
952 f f |p ric  |a Texas A&M University  |b Rellis Campus  |c Joint Library Facility  |d Remote Storage  |t 0  |e PS366.A88 M85 1992  |h Library of Congress classification  |i unmediated -- volume  |m A14816224392 
998 f f |a PS366.A88 M85 1992  |t 0  |l Remote Storage